000 02252cam a2200289 ia4500
003 SA-RiAUC
005 20250613142257.0
008 250613s1994 le f 00000 ara c
024 0 _a00000000972606
040 _aSA-RiAUC
_bara
_cSA-RiAUC
_dAE-DuMBRL
_erda
050 4 _b.D39 1994
082 0 4 _a251.072
_qSA-RiAUC
090 _a251.072
_b د ر ي
100 1 _aالدريني، فتحي،
_d1923-2013
_eمؤلف.
245 1 0 _aبحوث مقارنة في الفقه الإسلامي وأصوله /
_cالأستاذ الدكتور محمد فتحي الدريني.
250 _aالطبعة الأولى.
264 1 _aبيروت :
_bمؤسسة الرسالة للطباعة والنشر والتوزيع،
_c1994.
300 _a2 مجلد ؛
_c24 × 17 سم
336 _aنص
_btxt
_2rdacontent
_3كتاب
337 _aبدون وسيط
_bn
_2rdamedia
338 _aمجلد
_bnc
_2rdacarrier
520 _aيتناول كتاب (بحوث مقارنة في الفقه الإسلامي وأصوله) والذي قام بتأليفه د. محمد فتحي الدريني، موضوع (الفقه الإسلامي) الكتاب يوضح مؤلفه أن الفقهاء سلكوا في دراسة الفقه سبلا، كان منها الدراسة المقارنة، وقد كان هذا المنهج متبعا لدى الجامعات ومراكز العلم في عصرنا الحاضر، حيث اعتمد في ذلك الدراسة المقارنة للفقه الإسلامي، والغاية من ذلك الإنتفاع بالثمرات المبتكرة للفكر الإنساني في الإجتهاد، وفي التحليل والتعليل والتفريع والتأصيل؛ لذا كانت البحوث المقارنة مصدر إثراء للفقه الإسلامي، وذلك من ناحيتين: الأولى: بما تستلزمه هذه الدراسة من إستقصاء وتعمق وشمول، وما قد تنتجه من إجتهادات مبتكرة.
650 7 _aأصول الفقه الإسلامي
_xبحوث
_2aucsh
942 _2ddc
_cBOOK
_n0
949 _aSA-JeALM
_d250613
_ueid123
_n1
999 _c8894
_d8894